| 000 | 00809nam a2200205Ia 4500 | ||
|---|---|---|---|
| 001 | 5627 | ||
| 003 | GE_BSU | ||
| 008 | 181216s||||||||xx |||||||||||||| ||und|| | ||
| 040 | _cGE_BSU | ||
| 080 | _a517.91(075.8)+530.1(075.8) | ||
| 100 | _aКошляков Н.С. Глинер Э.Б. Смирнов М.М. | ||
| 245 | _aУравнения в частных производных математической физики. | ||
| 245 | _bУчеб. пособие для студ. механико-матем. и физических фак-ов ун-тов. | ||
| 260 | _aМосква | ||
| 260 | _bВысшая школа | ||
| 260 | _c1970 | ||
| 300 | _a710 с. 22 см. | ||
| 653 | _aУравнения в частных производных математической физики. | ||
| 942 | _cBK | ||
| 999 |
_c39072 _d39072 |
||